000 00413pab a2200157 454500
008 180718b2003 xxu||||| |||| 00| 0 eng d
100 _aBiichel, Felix
245 _aOverreducation, regional labor markets, and spatial flexibility
260 _c2003
300 _ap.482-93.
362 _aMay
650 _aLabour market
700 _aHam, Maarten Van
773 _aJournal of Urban Economics
909 _a58926
999 _c58926
_d58926